Statystyki dla Mapa fornite(Każda miejscówka)

Kliknij tutaj aby rozwiązać quiz!

Ogólne statystyki

  • Ten quiz został rozwiązany 29 razy
  • Średni wynik to 17 z 106

Statystyki odpowiedzi

LiteraOdpowiedzi% Poprawnych
WWykrzywione Wieże
75%
PPrzyjemny Park
67%
AAgencja
54%
SSklepowa Sadyba
54%
BButny Brzeg
46%
SSłone Strzechy
42%
KKarkołomne Kino
38%
OOaza Odpoczynku
38%
ZZgubne Ziemie
38%
MMega City
33%
RRekin
33%
WWypasiona Wyrwa
33%
ZZalew Zdobyczy
33%
GGrota
29%
JJacht
29%
LLepki Lasek
29%
PPiszcząca Puszcza
29%
PPłacząca Puszcza
29%
SSamotne Schronisko
29%
AAkry Anarchii
25%
DDaily Bugle
25%
GGasnące Gaje
25%
GGolfowe Gniazdko
25%
PPotne Piaski
25%
SSzemrane Szyby
25%
ZZalew Zastoju
25%
ZZielone Żywopłoty
25%
BBrutalny Bastion
21%
CChmurne kamienice
21%
FFarma Furii
21%
MMokre Moczary
21%
NNeo Wykrzywione
21%
PPlatforma
21%
RRozdroża Rupieci
21%
RRynek Kowadła
21%
CCytadela
17%
LLodowe Lądowiska
17%
MMega Market
17%
OObłupana Odkrywka
17%
SSchronienie
17%
SSielskie Sioło
17%
SSiorbane Szuwary
17%
SSłone Wieże
17%
SSpawalnia Spłuczek
17%
SSzosa Chonkersa
17%
BBezładny Brzeg
13%
DDomena Dooma
13%
IIglica
13%
JJaskinia Ubawu
13%
KKoci Kącik
13%
KKoralowy Kasztel
13%
KKurzące Kominy
13%
LLeniwa Laguna
13%
LLśniąca Laguna
13%
LLunarne Lokum
13%
MMoczary Odpoczynku
13%
PPaskudna Przystań
13%
PPiramida
13%
RRozstaje Kenjutsu
13%
SSkaliste Skarpy
13%
SSłoneczne Stopnie
13%
SSrogi Szczyt
13%
SStęchły Skład
13%
WWładze
13%
WWydmy Wierzących
13%
CCicha Cieśnina
8%
EElektrownia Ciśnieniowa
8%
FForteca
8%
GGotham
8%
KKamieniste Kino
8%
KKanion Kamienic
8%
KKolosalne Koloseum
8%
PPodium
8%
RRogate Rozdroża
8%
RRuiny
8%
SSanktuarium Herold
8%
ŚŚwięcąca Świątynia
8%
WWodospad Rzeczywistości
8%
WWykrzywione Miasteczko
8%
ZZaparowane Źródła
8%
FFortylla
4%
JJaskinia Dowództwa
4%
JJonesowie
4%
KKościane Krańce
4%
KKukurydziany Kompleks
4%
LLodowe Laboratoria
4%
PPoplątana Przystań
4%
PPrzylądek Przytulasów
4%
RRuiny Rumoru
4%
SSkład Drewna i Stolarnia
4%
TTajna Twierdza
4%
TTrocinowy Tartak
4%
ZZabezpieczona Zatoka
4%
ZZakątek Łowcy
4%
ZZderzacz
4%
CCieknąca Centrala
0%
FFort Jonsey
0%
KKolosalny Kwartał
0%
PPagody Pomyślości
0%
PPnące Posiadłości
0%
PPodzielice
0%
PPomidorowy Przyczółek
0%
RRadykalna Rekreacja
0%
SStacja Synaptyczna
0%
SStark Idustries
0%
WWitalne Wczasowisko
0%

Rozkład punktacji

Percentyl według liczby udzielonych odpowiedzi

Procent ludzi z każdym wynikiem

Twoja historia wyników

Nie rozwiązałeś tego quizu